| 000 | 00874cam a2200217 4500 | ||
|---|---|---|---|
| 001 | ##L132671 | ||
| 008 | 060228n1924 000 0 eng u | ||
| 035 | _a(Sirsi) u132671 | ||
| 041 | 0 | _aeng | |
| 050 | 0 | 4 | _a346.410434 $2 18 |
| 100 | 1 | _aPocock, Sydney E. | |
| 245 | 0 | 4 | _aThe law of dilapidations |
| 250 | _a7th ed. | ||
| 260 |
_aLondon _bEstates Gazette _c1924 |
||
| 300 |
_a238p. _c22cm. |
||
| 490 | 0 | _aCollege of Estate Management Text Book | |
| 520 | _aConcise reference book on all aspects concerning dilapidation law and practice in relation with subjects such as waste; landlord and tenant repair contracts; fire damage; fixtures; trees and timber; agricultural tendencies; party walls; and liabilities under acts of parliament. | ||
| 690 | _aPROPERTY-LEASEHOLD PROPERTY-LANDLORD AND TENANT-DILAPIDATIONS | ||
| 700 | 1 | _aSmalley-Baker, C. E. | |
| 942 | _n0 | ||
| 999 |
_c105209 _d105209 |
||